El compromiso del escritor.

Salvato in:
Dettagli Bibliografici
Autore principale: Jara Cuadra, René (autor)
Natura: Libro
Lingua:spagnolo
Pubblicazione: Valparaíso, Chile: Ediciones Universitarias de Valparaíso, 1971.
Serie:Libros de Bolsillo.
Soggetti:
Tags: Aggiungi Tag
Nessun Tag, puoi essere il primo ad aggiungerne!!

MARC

LEADER 00000cam a2200000 a 4500
001 UCW7995
003 CL-VaPUC
005 20241118101254.0
008 871113e19710000CL |||||||||||||||||spa|d
999 |c 220522  |d 220520 
040 |c Pontificia Universidad Católica de Valparaíso 
082 0 4 |a 809 JAR 1971  |2 21 
100 |a Jara Cuadra, René  |e autor  |9 743669 
245 1 3 |a El compromiso del escritor. 
260 |a Valparaíso, Chile:  |b Ediciones Universitarias de Valparaíso,  |c 1971. 
300 |a 174 páginas. 
490 0 |a Libros de Bolsillo. 
500 |a c. Donación Biblioteca de Educación Memo s/n/ 6-11-2024. 
583 |a last modification  |c 20141107 01:43:12  |k Rodrigo Vera 
650 0 |a Literatos  |9 313115  |x Crítica literaria  |z Chile 
942 |c BK  |2 ddc 
945 |d 19871113 00:00:00 
952 |0 0  |1 0  |4 0  |6 809_000000000000000_JAR_1971  |7 0  |8 A  |9 212864  |a BIBEDU  |b BIBEDU  |d 2019-11-15  |i 281157K  |o 809 JAR 1971  |p 281157K  |r 2019-11-15  |w 2019-11-15  |y BK  |k LIT 
952 |0 0  |1 0  |4 0  |6 809_000000000000000_JAR_1971  |7 0  |8 A  |9 212865  |a BIBEDU  |b BIBEDU  |d 2019-11-15  |i 2811588  |o 809 JAR 1971  |p 2811588  |r 2019-11-15  |w 2019-11-15  |y BK  |k LIT 
952 |0 0  |1 0  |4 0  |6 809_000000000000000_JAR_1971  |7 0  |8 A  |9 212866  |a FDOPOS  |b BIBEDU  |d 2019-11-15  |i 4274660  |l 1  |o 809 JAR 1971  |p 4274660  |q 2024-10-09  |r 2024-09-09  |s 2024-09-09  |w 2019-11-15  |y BK  |k MLA 
952 |0 0  |1 0  |3 erb  |4 0  |6 809_000000000000000_JAR_1971  |7 0  |8 X  |9 212867  |a FDOBUD  |b FDOBUD  |i 5106540  |o 809 JAR 1971  |p 5106540  |r 2019-11-15  |w 2019-11-15  |y BK_X  |z Catalogado en:20141107  |k FHP 
952 |0 0  |1 0  |2 ddc  |4 0  |6 809_000000000000000_JAR_1971  |7 0  |8 A  |9 598084  |a BIBEDU  |b BIBEDU  |d 2024-11-18  |e Donación   |i 5663294  |o 809 JAR 1971  |p 5663294  |r 2024-11-18  |t 5  |w 2024-11-18  |y BK  |k EDU